| 000 | 01681cam a22004097a 4500 | ||
|---|---|---|---|
| 003 | CHAP | ||
| 005 | 20220329142014.0 | ||
| 008 | 90127 d1996 mx b r 00010 spa d | ||
| 010 | _a76932 | ||
| 011 | _a77904 | ||
| 035 | _a87678 | ||
| 040 | _cCHAP | ||
| 090 | _aFolleto 15229 v.12 | ||
| 100 | 0 | 0 |
_aEspinosa Garduño, Judith. _937938 |
| 245 | 1 | 0 |
_aListado florístico del estado de Michoacán : _bsección IV (Angiospermae : Fagaceae, Gramineae, Krameriaceae, Leguminoseae) _c/por Judith Espinosa Garduño y L. Socorro Rodríguez Jiménez |
| 260 |
_aPátzcuaro, Mich. : _bInstituto de Ecología A.C. Centro Regional del Bajío, _c1996. |
||
| 300 |
_a271 p. : _bmapas |
||
| 490 | 0 |
_aFlora del Bajío y de Regiones Adyacentes. Fascículo complementario _v; 12 |
|
| 590 |
_aBATCH-UPD _b10 _c20130110 _lUCH01 _h0400 |
||
| 590 |
_aBATCH-UPD _b10 _c20130110 _lUCH01 _h2339 |
||
| 590 |
_aBATCH-UPD _b10 _c20130410 _lUCH01 _h0033 |
||
| 590 |
_aBATCH-UPD _b10 _c20130410 _lUCH01 _h1627 |
||
| 590 |
_aBATCH-UPD _b10 _c20130914 _lUCH01 _h0334 |
||
| 590 |
_aBATCH-UPD _b10 _c20130914 _lUCH01 _h2007 |
||
| 590 |
_aCONVERSION _b10 _c20130109 _lUCH01 _h1342 |
||
| 650 | 1 | 4 |
_aAngiospermas _xClasificación. _95799 |
| 650 | 1 | 4 |
_aGramíneas _zMichoacán. _950297 |
| 650 | 1 | 4 |
_aKrameriaceae. _963857 |
| 650 | 1 | 4 |
_aLeguminosas _zMichoacán. _965861 |
| 700 | 0 |
_aRodríguez Jiménez, L. Socorro. _998616 |
|
| 830 | 0 |
_aFlora del Bajío y de Regiones Adyacentes. Fascículo complementario _v; 12 _941325 |
|
| 901 | _aBK | ||
| 905 | _aMayto Villalobos S. | ||
| 942 | _cFOLL | ||
| 949 |
_aFolleto 15229 v.12 _bBC _cFOLL _d876781 _eTS1 _i87678 _sb |
||
| 949 |
_aFolleto 15229 v.12 _bBC _cFOLL _d876782 _eTS2 _fc.2 _i87678 _sb |
||
| 999 |
_c76932 _d76932 |
||